000 00676nam a2200277Ia 4500
005 20260324141545.0
008 008 260324s9999 xx 000 0 eng d
020 _a9780429459313
037 _aEBOOK
040 _aCRL
040 _beng
040 _cCRL
041 _2eng
041 _aeng
084 _qCRL
100 _aUlla Björnberg; Jürgen Sass
_91208637
245 0 _aFamilies with Small Children in Eastern and Western Europe
260 _bTaylor and Francis
260 _c1997
365 _a
365 _b160
856 _uhttp://www.taylorfrancis.com/books/9780429459313
942 _cEBOOK
999 _c1811864
_d1811864